000 02570cam a22004814i 4500
003 PE-LiUPU
005 20250731172726.0
008 150617s1965 ag r 000 0 spa d
035 _a(Sirsi) a11319
040 _aPE-LiUPU
_bspa
_cPE-LiUPU
_erda
049 _aPRUA
082 0 4 _a220
_bG81
_221
100 1 _aGrelot, Pierre,
_eautor.
245 1 0 _aIntroducción a los libros sagrados /
_cPierre Grelot.
264 1 _aBuenos Aires :
_bEditorial Stella,
_c1965.
300 _a336 páginas ;
_c20 centímetros
336 _atext
_2rdacontent
337 _aunmediated
_2rdamedia
338 _avolume
_2rdacarrier
505 0 _aEn el umbral de la Biblia -- Israel, pueblo de Dios -- La formación del pueblo de Dios -- Un pequeño pueblo de Oriente -- Las tradiciones de Israel -- La fe de Israel -- El drama del pueblo de Dios -- La tragedia nacional -- El testimonio profético -- El mensaje de los profetas -- El judaísmo -- En tiempos de los Persas -- La organización del judaísmo -- La literatura sacra en el tiempo de los persas -- En la época Helenística -- Del judaísmo a la Iglesia -- En la confluencia de los dos Testamentos -- El Evangelio en la Historia -- En tiempos de los Apóstoles -- Conclusión -- La Biblia, Palabra de Vida -- Tabla de textos bíblicos -- Textos citados al final de los capítulos -- Cuadros cronológicos -- Índice de los libros bíblicos -- Índice analítico -- Índice general.
526 _aSEG42
526 _aSEG41
526 _aSEG40
526 _aSEG39
526 _aP94
526 _aP87
526 _aP86
526 _aP85
526 _aP77
526 _aP76
526 _aP35
630 _aBiblia
_xIntroducciones.
_92045
910 _ajck
_bjvq
_cjck
_d20150616
942 _2ddc
_cBOOK
949 _a220 G81
_wDEWEY
_c1
_i36284
_lCCODEBUL1
_mBUL
_p00.00
_r0
_sY
_tBOOK
_u2015-04-21
_xTEOLOGIA
_PP35
_0COMPRA
_o.STAFF. Colección General
949 _a220 G81
_wDEWEY
_c2
_i07659
_lCCODEBUL1
_mBUL
_p00.00
_r0
_sY
_tBOOK
_u2015-04-21
_xTEOLOGIA
_PP35
_0COMPRA
_o.STAFF. Colección General
994 _aC0
_bPEPRU
596 _a1
999 _a220 G81
_wDEWEY
_c1457
_i36284
_d1457
_e2017-5-4
_f2021-11-11
_g5
_lCCODEBUL1
_mBUL
_n1
_p20.00
_r0
_sY
_tBOOK
_u2015-4-21
_xTEOLOGIA
_PP35
_0COMPRA
_o.STAFF. Colección Teología
999 _a220 G81
_wDEWEY
_c2
_i07659
_d2019-9-2
_e2016-5-23
_f2021-11-11
_g5
_lCCODEBUL1
_mBUL
_n1
_p20.00
_q1
_r0
_sY
_tBOOK
_u2015-4-21
_xTEOLOGIA
_PP35
_0COMPRA
_o.STAFF. Colección Teología
980 _81
_gALBERTO SANCHEZ Responsable de Automatización